000 00432nam a22001697a 4500
003 MPLRDC
005 20220104123643.0
008 210129b ||||| |||| 00| 0 eng d
082 _a548.81 SSZ
100 _a宋守忠等编著
245 _a吸烟与疾病
_c
250 _a一版一刷
260 _a
_b科学普及出版社
_c1981
300 _b
650 _a其他社会病态--烟瘾与戒烟
942 _cBK
_o548.81 SSZ
999 _c13132
_d13122